| 000 | 00803nam a2200277 a 4500 | ||
|---|---|---|---|
| 003 | AR-BaBNM | ||
| 005 | 20251128203442.0 | ||
| 008 | 082120s2002 ||||||||||||||000 | spa|| | ||
| 040 | _cAR-BaBNM | ||
| 100 | 1 | _aDewey, John | |
| 245 | 0 | 0 |
_aThe child and the curriculum ; _bThe school and society |
| 260 |
_aChicago _bUniversity of Chicago _c1956 |
||
| 300 |
_axv, 158 p. _btablas, láms. |
||
| 490 | 0 | _aPhoenix books | |
| 650 | 4 | _aCURRICULO | |
| 650 | 4 | _aEDUCACION DEL NIÑO | |
| 650 | 4 | _aNECESIDADES DEL NIÑO | |
| 650 | 4 | _aTEORIAS DE LA EDUCACION | |
| 650 | 4 | _aDESARROLLO DEL NIÑO | |
| 650 | 4 | _aHISTORIA DE LA EDUCACION | |
| 650 | 4 | _aORGANIZACION DE LA EDUCACION | |
| 650 | 4 | _aFINALIDADES DE LA EDUCACION | |
| 700 | 1 |
_aCarmichael, Leonard _eprologuista |
|
| 942 | _cBK | ||
| 998 | _cSILVI | ||
| 999 |
_c3450 _d3450 |
||